000
00342pam a2200157a 44500
008
230515b2009 xxu||||| |||| 00| 0 eng d
020
_a
NULL
041
_a
ENGLISH
082
_a
668.512/PYE
100
_a
PYE R.G.W.
245
_a
INJECTION MOLD DESIGN
250
_a
1
260
_a
NULL
_b
N/A
_c
2009
300
_a
754 HB
650
_a
NULL
999
_c
654801
_d
654801